<?xml version="1.0" encoding="UTF-8"?>
<record
    xmlns:xsi="http://www.w3.org/2001/XMLSchema-instance"
    xsi:schemaLocation="http://www.loc.gov/MARC21/slim http://www.loc.gov/standards/marcxml/schema/MARC21slim.xsd"
    xmlns="http://www.loc.gov/MARC21/slim">

  <leader>00623nam a22001817a 4500</leader>
  <controlfield tag="003">UA-OsUOA</controlfield>
  <controlfield tag="001"> 16437 </controlfield>
  <controlfield tag="007">ta</controlfield>
  <controlfield tag="008">20040110b un ||||| |||| 00| 0 ukr d</controlfield>
  <datafield tag="100" ind1=" " ind2=" ">
    <subfield code="a">&#x422;&#x43E;&#x43B;&#x43E;&#x447;&#x43E;&#x43A; &#x41E;.</subfield>
  </datafield>
  <datafield tag="942" ind1=" " ind2=" ">
    <subfield code="c">SA</subfield>
  </datafield>
  <datafield tag="040" ind1=" " ind2=" ">
    <subfield code="a">UA-OsUOA</subfield>
    <subfield code="c">UA-OsUOA</subfield>
    <subfield code="d">UA-OsUOA</subfield>
  </datafield>
  <datafield tag="245" ind1=" " ind2=" ">
    <subfield code="a">&#x41F;&#x456;&#x434;&#x435;&#x448; &#x43D;&#x430;&#x43F;&#x440;&#x430;&#x432;&#x43E; - &#x43F;&#x456;&#x441;&#x43D;&#x44E; &#x447;&#x443;&#x442;&#x438;, &#x43D;&#x430;&#x43B;&#x456;&#x432;&#x43E; - &#x43A;&#x430;&#x437;&#x43A;&#x430; &#x43E;&#x436;&#x438;&#x432;&#x430;</subfield>
    <subfield code="b">[&#x41F;&#x440;&#x43E; &#x41E;&#x441;&#x442;&#x440;&#x43E;&#x437;. &#x43D;&#x430;&#x443;&#x43A;. -&#x434;&#x43E;&#x441;&#x43B;&#x456;&#x434;. &#x446;&#x435;&#x43D;&#x442;&#x440; &#x434;&#x438;&#x442;&#x438;&#x43D;&#x438; &#x456;&#x43C;. &#x424;. &#x412;&#x443;&#x434;&#x442;&#x43E;&#x440;&#x43F;]</subfield>
  </datafield>
  <datafield tag="300" ind1=" " ind2=" ">
    <subfield code="a">&#x421;.12</subfield>
  </datafield>
  <datafield tag="955" ind1=" " ind2=" ">
    <subfield code="a">0</subfield>
  </datafield>
  <datafield tag="773" ind1="0" ind2=" ">
    <subfield code="w">0</subfield>
    <subfield code="t">&#x412;&#x456;&#x43B;&#x44C;&#x43D;&#x435; &#x441;&#x43B;&#x43E;&#x432;&#x43E;</subfield>
    <subfield code="d">&#x420;&#x456;&#x432;&#x43D;&#x435;</subfield>
    <subfield code="d">2003</subfield>
    <subfield code="g">&#x2116;101/26 &#x433;&#x440;&#x443;&#x434;./</subfield>
  </datafield>
  <datafield tag="650" ind1=" " ind2="7">
    <subfield code="a">&#x412;&#x443;&#x434;&#x442;&#x43E;&#x440;&#x43F; &#x424;.</subfield>
    <subfield code="2">UDC</subfield>
  </datafield>
  <datafield tag="999" ind1=" " ind2=" ">
    <subfield code="c">302602</subfield>
    <subfield code="d">302602</subfield>
  </datafield>
</record>
